[Event "Andorra"]
[Site "Andorra"]
[Date "1996.??.??"]
[Round "3"]
[White "Delchev, Aleksander"]
[Black "Forintos, Gyozo V"]
[Result "1/2-1/2"]
[WhiteElo "2510"]
[BlackElo "2405"]

1.e4 e6 2.d4 d5 3.Nd2 a6 4.Ngf3 c5 5.exd5 exd5 6.Be2 Nc6 7.O-O cxd4 8.Re1 Be7
9.Nb3 Nf6 10.Nfxd4 O-O 11.Bf4 Re8 12.Bf3 Bd7 13.c3 Qb6 14.Be3 Qc7 15.Nxc6 bxc6
16.Bc5 Bxc5 17.Rxe8+ Rxe8 18.Nxc5 Qb6 19.b4 a5 20.a3 h6 21.h3 Bf5 22.Qd2 Nd7
23.Nxd7 Bxd7 24.c4 axb4 25.axb4 Be6 26.cxd5 Bxd5 27.Bxd5 cxd5 28.Qxd5 Qxb4  1/2-1/2

[Event "Ano Liosia op"]
[Site "Ano Liosia"]
[Date "1996.??.??"]
[Round "6"]
[White "Passakos, Georgios"]
[Black "Lempert, Igor"]
[Result "0-1"]
[WhiteElo "2030"]
[BlackElo "2505"]

1.e4 e6 2.d4 d5 3.Nd2 Be7 4.e5 c5 5.dxc5 Nc6 6.Ngf3 Bxc5 7.Nb3 Bb6 8.Bd3 Nge7
9.O-O Ng6 10.Re1 O-O 11.Re2 Bd7 12.Bd2 Nh4 13.Nxh4 Qxh4 14.Be3 Nxe5 15.Bxb6 Nxd3
16.g3 Qg4 17.h3 Qg6 18.Qxd3 Qxd3 19.cxd3 axb6 20.Nd4 Ra4 21.Nf3 Bb5 22.Rd2 Rc8  0-1

[Event "Athens cup qf"]
[Site "Athens"]
[Date "1996.??.??"]
[Round "?"]
[White "Cela, Altin"]
[Black "Skalkotas, Nikolaos"]
[Result "1-0"]
[WhiteElo "2415"]
[BlackElo "2310"]

1.e4 e6 2.d4 d5 3.Nd2 a6 4.Ngf3 c5 5.exd5 exd5 6.Be2 c4 7.O-O Bd6 8.b3 cxb3
9.axb3 Nc6 10.Re1 Nge7 11.Nf1 O-O 12.Ng3 f5 13.Bb2 f4 14.Nf1 Ng6 15.c4 Kh8
16.cxd5 Nb4 17.Ne5 Bf5 18.Rc1 Nxd5 19.Bf3 Bb4 20.Nxg6+ Bxg6 21.Re5 Bf7 22.Nd2 a5
23.Ne4 Ra6 24.Nc5 Rb6 25.Qe2 Nf6 26.Nxb7 Qb8 27.Nxa5 Bxa5 28.Rxa5 Re8 29.Re5 Rxb3
30.Bc3 Rd8 31.h3 h6 32.Qd2 Nd5 33.Ba5 Rd7 34.Bxd5 Bxd5 35.Qxf4 Rb1 36.Rxb1 Qxb1+
37.Kh2  1-0

[Event "AUT-chT2W 9697"]
[Site "Austria"]
[Date "1996.??.??"]
[Round "3"]
[White "Fuchs, Georg"]
[Black "Hausner, Ivan"]
[Result "0-1"]
[WhiteElo "2210"]
[BlackElo "2430"]

1.e4 e6 2.d4 d5 3.Nd2 Be7 4.Bd3 c5 5.dxc5 Nf6 6.Ngf3 dxe4 7.Nxe4 Nxe4 8.Bxe4 Qxd1+
9.Kxd1 Bxc5 10.Ke2 Nd7 11.Rd1 Nf6 12.Bg5 h6 13.Bxf6 gxf6 14.Nd4 Ke7 15.c4 f5
16.Bf3 Bxd4 17.Rxd4 e5 18.Rd2 e4 19.Bh5 Be6 20.b3 Rhg8 21.Kf1 a5 22.g3 a4
23.Rc1 axb3 24.axb3 Ra3 25.Bd1 Rc8 26.Rb1 Rc6 27.Rbb2 Ra1 28.Ra2 Rb1 29.Ra5 b6
30.Ra7+ Kf6 31.Ke2 f4 32.f3 e3 33.Rd4 Rb2+ 34.Ke1 Kg7 35.gxf4 Bf5 36.Rd5 Rg6
37.Rxf7+ Kxf7 38.Rxf5+ Kg7  0-1

[Event "AUT-chT9697"]
[Site "Austria"]
[Date "1996.??.??"]
[Round "5"]
[White "Schumi, Manfred"]
[Black "Thoma, Robert"]
[Result "1/2-1/2"]
[WhiteElo "2245"]
[BlackElo "2280"]

1.e4 e6 2.d4 d5 3.Nd2 Nc6 4.Ngf3 Nf6 5.e5 Nd7 6.Nb3 Be7 7.c3 f6 8.Bb5 fxe5
9.dxe5 O-O 10.Qe2 a5 11.a4 Ncb8 12.h4 c5 13.Ng5 Bxg5 14.Bxg5 Qb6 15.Be3 Qc7
16.f4 c4 17.Nd4 Nc5 18.O-O Ne4 19.Rf3 Nc6 20.Raf1 Bd7 21.g4 Qd8 22.Qh2 h5
23.Bxc6 bxc6 24.gxh5 c5 25.Ne2 Bxa4 26.Ng3 Bc6 27.Nxe4 dxe4 28.Rg3 Kh7 29.Bxc5 Rf5
30.Qg2 Qd7 31.Re3 Rxh5 32.Qg4 Qf7 33.Kh2 Rb8 34.Rf2 g6 35.Rg3 Rb5 36.Bd4 Be8
37.Re2 Qe7 38.Rh3 Qf7 39.Rhe3 Bc6 40.Rg3 Rb7 41.Be3  1/2-1/2

[Event "AUT-chT2O 9697"]
[Site "Austria"]
[Date "1996.??.??"]
[Round "6"]
[White "Sandhu, Mario"]
[Black "Obermayr, Hermann"]
[Result "1/2-1/2"]
[WhiteElo "2130"]
[BlackElo "2105"]

1.e4 e6 2.d4 d5 3.Nd2 Nc6 4.c3 Nf6 5.e5 Nd7 6.Bd3 b6 7.Nh3 Bb7 8.Nf3 h6 9.Nf4 Ne7
10.Nh4 Nb8 11.Qg4 Ba6 12.Bc2 Nbc6 13.Nh5 Qd7 14.Nxg7+ Bxg7 15.Qxg7 O-O-O
16.Qxf7 Rdf8 17.Qh5 Na5 18.Be3 Nc4 19.Bd3 Kb8 20.Qe2 Nxe3 21.Bxa6 N3f5 22.Nxf5 Nxf5
23.O-O-O h5 24.g3 Nh6 25.f4 h4 26.Rdf1 hxg3 27.hxg3 Nf5 28.Rxh8 Rxh8 29.Rg1 Qa4
30.a3 Qb3 31.Bd3 Nxg3 32.Rxg3 Rh1+ 33.Kd2 Qxb2+ 34.Bc2 Qc1+ 35.Kd3 Qxf4 36.Qf3 Qc1
37.Rg2 Rf1 38.Qe2 Qf4 39.Bd1 Rxd1+ 40.Qxd1 Qe4+ 41.Kd2 Qxg2+ 42.Kd3 Qe4+
43.Kd2 Kb7 44.Qh5 Qg2+ 45.Kd3 Qg8 46.Qh4 Qe8 47.Qf6 Ka6 48.Qg7 Qc6 49.Qe7 Kb7
50.Kd2 a5 51.Qf7 Ka6 52.Qf1+ Kb7 53.Qf7 Kc8 54.Qf8+ Kb7 55.Qf7  1/2-1/2

[Event "Bad Homburg"]
[Site "Bad Homburg"]
[Date "1996.??.??"]
[Round "2"]
[White "Slobodjan, Roman"]
[Black "Hug, Werner"]
[Result "1-0"]
[WhiteElo "2520"]
[BlackElo "2445"]

1.e4 e6 2.d4 d5 3.Nd2 Nc6 4.Ngf3 Nf6 5.e5 Nd7 6.Be2 f6 7.exf6 Qxf6 8.Nf1 Bd6
9.Ng3 O-O 10.O-O h6 11.c4 Qf7 12.a3 a6 13.Bd3 dxc4 14.Bxc4 Ne7 15.Qe2 Nd5
16.Bd3 Re8 17.Bd2 Nf8 18.Rfe1 Bd7 19.Ne4 Bc6 20.Rac1 Nf4 21.Bxf4 Bxf4 22.Rc3 Rad8
23.Qc2 Bd5 24.Ne5 Bxe5 25.dxe5 Bxe4 26.Bxe4 c6 27.Rd3 Rxd3 28.Qxd3 Qc7 29.Qe3 Rd8
30.f4 Qd7 31.Kf2 Qe7 32.Kg3 Rd7 33.h4 Qf7 34.Bc2 Qe8 35.Kh3 Qd8 36.f5 Rd4
37.g3 exf5 38.Bxf5 Rd5 39.Bg4 Rd3 40.Qe4 Rd4 41.Qf5 Qe7 42.e6 Rd5 43.Qe4 Nh7
44.Bf5 Nf6 45.Qf4 Rd8 46.Bg6 Rd6 47.g4 Kh8 48.Qe5 Ng8 49.Bb1 Rd5 50.Qf4 g5
51.hxg5 Rxg5 52.Bf5 h5 53.Qd4+ Nf6 54.Kh4 Rg7 55.g5 Nd5 56.Rg1 Qc7 57.Rg2 Ne7
58.Bc2 Nd5 59.Rf2 Kg8 60.Qe4 Qe7 61.Qe5 Qe8 62.Be4 Nc7 63.Rf6 Qd8 64.Bg6 Nd5
65.Bf7+ Kf8 66.e7+ Nxe7 67.Bxh5+ Kg8 68.Qe6+ Kh8 69.Rh6+ Rh7 70.Qf6+  1-0

[Event "Balatonbereny op"]
[Site "Balatonbereny"]
[Date "1996.??.??"]
[Round "1"]
[White "Anka, Emil"]
[Black "Turcan, Milan"]
[Result "1-0"]
[WhiteElo "2405"]
[BlackElo "2150"]

1.e4 e6 2.d4 d5 3.Nd2 Nc6 4.Ngf3 Nf6 5.e5 Nd7 6.c3 f6 7.Bb5 a6 8.Bxc6 bxc6
9.O-O f5 10.Nb3 a5 11.Bg5 Be7 12.Qd2 Bxg5 13.Nxg5 Qe7 14.c4 dxc4 15.Nc1 h6
16.Nf3 O-O 17.Ne2 Qb4 18.Rfc1 Ba6 19.Nf4 Rfe8 20.b3 g5 21.Nh5 Qxd2 22.Nxd2 c5
23.dxc5 Kf7 24.Nxc4 Bxc4 25.Rxc4 Nxe5 26.Rc3 Rad8 27.Ng3 Rd3 28.Rc2 Red8
29.Nf1 f4 30.f3 R8d5 31.h3 h5 32.Re1 Nd7 33.c6 Nc5 34.Ree2 Na6 35.Rcd2 Nb4
36.Rxd3 Rxd3 37.Re5 Rd5 38.Re2 Ke7 39.Kf2 Nxc6 40.Rc2 Kd7 41.a3 Nd4 42.Rb2 Nb5
43.a4 Nc3 44.Rc2 Rd3 45.Nd2 Nd5 46.Ne4 Ke7 47.Nc5 Re3 48.Re2 Rxe2+ 49.Kxe2 Nb4
50.Ne4 Nc2 51.Nxg5 Nd4+ 52.Kd3 Nxb3 53.Kc4 Nd2+ 54.Kb5 Nb3 55.Ne4 e5 56.Kc6 Nd4+
57.Kxc7 Ke6 58.Kb6 Kd5 59.Kxa5 Nf5 60.Kb6 Ne7 61.a5 Kd4 62.a6 Ke3 63.Kb7  1-0

[Event "Balatonbereny op"]
[Site "Balatonbereny"]
[Date "1996.??.??"]
[Round "2"]
[White "Acs, Peter"]
[Black "Turcan, Milan"]
[Result "1-0"]
[WhiteElo "2440"]
[BlackElo "2150"]

1.e4 e6 2.d4 d5 3.Nd2 Nc6 4.Ngf3 Nf6 5.e5 Nd7 6.Bb5 a6 7.Bxc6 bxc6 8.O-O Be7
9.Nb3 a5 10.Bd2 a4 11.Na5 Nb8 12.c4 Ba6 13.Qxa4 Bxc4 14.Rfc1 Ra6 15.Bb4 O-O
16.Qa3 Bxb4 17.Qxb4 Be2 18.Rc3 Rb6 19.Qa3 Bxf3 20.Rxf3 Qg5 21.Qc3 Qe7 22.a3 f6
23.b4 fxe5 24.Rxf8+ Qxf8 25.dxe5 Qf4 26.g3 Qf5 27.Re1 h5 28.Nb3 Qg6 29.Nd4 h4
30.Kg2 Ra6 31.Nf3 hxg3 32.hxg3 Nd7 33.Nd4 Nb8 34.Re3 Qe8 35.Qc2 Nd7 36.Nxc6 Nf6
37.b5 d4 38.Rf3 Ng4 39.bxa6 Qh5 40.Ne7+ Kh8 41.Rf8+  1-0

[Event "Foment Martinenc op"]
[Site "Barcelona"]
[Date "1996.??.??"]
[Round "5"]
[White "Prieto, Ernesto"]
[Black "Mellado Trivino, Juan"]
[Result "1/2-1/2"]
[WhiteElo "2220"]
[BlackElo "2455"]

1.e4 e6 2.d4 d5 3.Nd2 Nc6 4.c3 e5 5.Ngf3 dxe4 6.Nxe5 Nxe5 7.dxe5 e3 8.fxe3 Ne7
9.Bc4 Nc6 10.O-O Nxe5 11.Qh5 Qe7 12.Nf3 Nxc4 13.Qb5+ c6 14.Qxc4 Be6 15.Qa4 Qc5
16.Nd4 Bd6 17.e4 O-O 18.Be3 Qh5 19.Bf4 Bc5 20.Kh1 Rfe8 21.Bg3 Bxd4 22.cxd4 Qe2
23.Rae1 Qxb2 24.d5 Bc8 25.e5 Qb5 26.e6 f6 27.Qxb5 cxb5 28.Rc1 Bxe6 29.dxe6 Rxe6
30.Rc7 Ra6 31.Rd1 Rxa2 32.h3 Kh8 33.Rdd7 Rg8 34.Bf4 h5 35.Bh6 Kh7 36.Bxg7 Kg6
37.Rf7 Rf2 38.Kg1 Rf5 39.Bf8 a5 40.Rg7+ Rxg7 41.Rxg7+ Kh6 42.Rxb7+ Kg5 43.Rc7 b4
44.g3 Rb5 45.Rc5+ Rxc5 46.Bxc5 Kf5 47.Kf2 b3 48.Ba3 Ke4 49.Ke2 f5 50.Bc1 a4
51.Bb2 f4 52.g4 f3+ 53.Kf2 hxg4 54.hxg4 Kf4 55.g5 Kxg5 56.Kxf3  1/2-1/2

[Event "Foment Martinenc op"]
[Site "Barcelona"]
[Date "1996.??.??"]
[Round "5"]
[White "Braeuning, Rudolf Wilhelm"]
[Black "Garcia, Javier"]
[Result "1-0"]
[WhiteElo "2265"]
[BlackElo "2320"]

1.e4 e6 2.d4 d5 3.Nd2 Nc6 4.Ngf3 Nf6 5.e5 Nd7 6.Be2 f6 7.exf6 Qxf6 8.Nf1 Bd6
9.Ne3 Nb6 10.c4 dxc4 11.Nxc4 h6 12.O-O Nxc4 13.Bxc4 Bd7 14.Be3 O-O-O 15.Nd2 g5
16.Ne4 Qe7 17.Qd2 Rdf8 18.Nc5 Bxc5 19.dxc5 Ne5 20.Be2 g4 21.Bf4 Nf3+ 22.gxf3 gxf3
23.Bxf3 Qf7 24.c6 bxc6 25.Rad1 Rh7 26.Be4  1-0

[Event "Regionalliga SW9697"]
[Site "Bayern"]
[Date "1996.??.??"]
[Round "?"]
[White "Vuckovic, Aleksandar"]
[Black "Mueller, Christian"]
[Result "1/2-1/2"]
[WhiteElo "2305"]
[BlackElo "2225"]

1.e4 e6 2.d4 d5 3.Nd2 Nc6 4.Ngf3 Nf6 5.e5 Nd7 6.Be2 f6 7.exf6 Qxf6 8.Nf1 Bd6
9.Ne3 b6 10.O-O Bb7 11.c4 Ne7 12.cxd5 Nxd5 13.Ng4 Qf5 14.h3 O-O-O 15.Bd3 Qh5
16.Re1 N7f6 17.Ng5 Rde8 18.Bd2 Nb4 19.Bb5 Re7 20.Nxf6 Qxd1 21.Raxd1 gxf6
22.Ne4 Nd5 23.Nxd6+ cxd6 24.Rc1+ Kb8  1/2-1/2

[Event "Regionalliga SW9697"]
[Site "Bayern"]
[Date "1996.??.??"]
[Round "?"]
[White "Wiest, Franz"]
[Black "Moebus, Martin"]
[Result "0-1"]
[WhiteElo "2030"]
[BlackElo "2095"]

1.e4 e6 2.d4 d5 3.Nd2 Nc6 4.c3 e5 5.dxe5 Nxe5 6.Ngf3 Qe7 7.Be2 Nxf3+ 8.Bxf3 f5
9.Qa4+ Bd7 10.Qd4 dxe4 11.Bh5+ Kd8 12.Nc4 Qc5 13.Ne5 Qxd4 14.cxd4 Bb4+ 15.Bd2 Bxd2+
16.Kxd2 Nf6 17.Be2 Ke7 18.Rac1 Rac8 19.h3 Be6 20.g4 f4 21.g5 Nd5 22.Bg4 Rhd8
23.Rhe1 e3+ 24.fxe3 Nxe3 25.Bf3 Rxd4+ 26.Kc3 Rcd8 27.Bxb7 Kf8 28.Ba6 R8d6
29.Nd3 Bf5 30.Nc5 Nd1+ 31.Kb3 Bxh3 32.Bd3 Rxd3+ 33.Nxd3 Rxd3+  0-1

[Event "Regionalliga SW9596"]
[Site "Bayern"]
[Date "1996.??.??"]
[Round "?"]
[White "Daurer, Walter"]
[Black "Froehlich, Rainer"]
[Result "1-0"]
[WhiteElo "2100"]
[BlackElo "2015"]

1.e4 e6 2.d4 d5 3.Nd2 a6 4.Bd3 c5 5.c3 Nc6 6.Ne2 cxd4 7.cxd4 dxe4 8.Nxe4 Bb4+
9.N4c3 Nf6 10.O-O O-O 11.Bg5 Be7 12.Bc2 Nb4 13.Bb1 Nfd5 14.Bc1 Bf6 15.Ne4 g6
16.Nxf6+ Qxf6 17.Bh6 Re8 18.Qd2 Bd7 19.Ng3 Nc6 20.Rd1 Qd8 21.Ne4 Bc8 22.a3 Na5
23.Ba2 b5 24.Bg5 f6 25.Bxd5 fxg5 26.Bxa8 Bd7 27.Nc5  1-0

[Event "Regionalliga SO9697"]
[Site "Bayern"]
[Date "1996.??.??"]
[Round "?"]
[White "Donegani, Peter"]
[Black "Kutlesa, Peter"]
[Result "1/2-1/2"]
[WhiteElo "2065"]
[BlackElo "2175"]

1.e4 e6 2.d4 d5 3.Nd2 Be7 4.Bd3 Nf6 5.e5 Nfd7 6.Ne2 b6 7.Nf4 Ba6 8.Bxa6 Nxa6
9.Qg4 g6 10.c3 Nf8 11.h4 h5 12.Qh3 c5 13.Nf3 cxd4 14.cxd4 Nb4 15.Kf1 Qd7
16.g4 Nc2 17.Rb1 Qa4 18.b3 Qxa2 19.Rb2 Qa6+ 20.Kg2 Rc8 21.Bd2 Rc7 22.gxh5 gxh5
23.Kh2 Nb4 24.Bxb4 Bxb4 25.Rg1 Rc3 26.Qg2 Qb7 27.Ng5 Rc6 28.Rbb1 Bc3 29.Rgd1 Kd8
30.Qf3 Kc8 31.Ne2 Bb4 32.Nxf7 Rh7 33.Ng5 Rhc7 34.Qxh5 Rc2  1/2-1/2

[Event "Lee Cup"]
[Site "Beijing"]
[Date "1996.??.??"]
[Round "2"]
[White "Wang Pin"]
[Black "Zhang Zhong"]
[Result "1-0"]
[WhiteElo "2345"]
[BlackElo "2425"]

1.e4 e6 2.d4 d5 3.Nd2 Nc6 4.Ngf3 Nf6 5.e5 Nd7 6.c3 f6 7.Bb5 a6 8.Bxc6 bxc6
9.O-O f5 10.Nb3 a5 11.Bg5 Be7 12.Qd2 O-O 13.Nc5 Nxc5 14.dxc5 Ba6 15.Rfc1 f4
16.Bxe7 Qxe7 17.Nd4 f3 18.gxf3 Rf7 19.b4 Raf8 20.Kh1 Rxf3 21.Nxf3 Rxf3 22.Rg1 Qf8
23.Rg2 Bd3 24.Re1 Be4 25.Rxe4 dxe4 26.bxa5 Rd3 27.Qe2 Qf3 28.Qxf3 exf3 29.Rg1 Rxc3
30.Ra1 Rxc5 31.h3 Rxe5 32.Kh2 Rxa5 33.a4 Kf7 34.Kg3 Ke7 35.Kxf3 Kd6 36.Ke4 Kc5
37.Ke5 Kb4+ 38.Kxe6 c5 39.Rb1+ Kc4 40.Rb7 Rxa4 41.Rxc7 Ra6+ 42.Ke5 Rg6 43.f4 h5
44.f5 Rg3 45.h4 Rg4 46.Kd6 Kd4 47.Rxc5 Rxh4 48.Re5 Re4 49.Rd5+ Ke3 50.f6 gxf6
51.Rxh5 Kf4 52.Rh1 f5 53.Kd5 Ra4 54.Rh4+  1-0

[Event "Bern op"]
[Site "Bern"]
[Date "1996.??.??"]
[Round "6"]
[White "Zuber, M."]
[Black "Denoth, Mario"]
[Result "1/2-1/2"]
[WhiteElo "2055"]
[BlackElo "2250"]

1.d4 e6 2.e4 d5 3.Nd2 Be7 4.e5 b6 5.c3 Qd7 6.f4 h5 7.Ndf3 Ba6 8.Ne2 Nh6 9.a4 Nc6
10.b4 Bc4 11.Ba3 Nf5 12.Qd2 g6 13.Ng3 Bxf1 14.Nxf1 Nd8 15.Qc2 Nb7 16.Kf2 c5
17.Ne3 Nh6 18.Qb3 Rc8 19.Rac1 O-O 20.Rhd1 c4 21.Qc2 a5 22.Ra1 axb4 23.Bxb4 Bxb4
24.cxb4 Ra8 25.h3 Nf5 26.g4 Nxe3 27.Kxe3 hxg4 28.hxg4 Kg7 29.Rh1 Rh8  1/2-1/2

[Event "Bern op"]
[Site "Bern"]
[Date "1996.??.??"]
[Round "8"]
[White "Zuber, M."]
[Black "Wintzer, Joachim"]
[Result "0-1"]
[WhiteElo "2055"]
[BlackElo "2320"]

1.d4 e6 2.e4 d5 3.Nd2 a6 4.e5 c5 5.c3 Bd7 6.f4 Bb5 7.Ne2 Nc6 8.Nf3 Nh6 9.Ng3 Bxf1
10.Rxf1 cxd4 11.Nxd4 Nxd4 12.cxd4 Qh4 13.Qf3 Nf5 14.Be3 Rc8 15.Ke2 Rc2+ 16.Kd3 Nxe3
17.Kxe3 Bb4 18.Rf2 Rc4 19.Ne2 O-O 20.g3 Qd8 21.f5 Qa5 22.f6 g6 23.Nf4 Rd8
24.Qd1 Rxd4 25.Kxd4 Qc5+ 26.Kd3 Qc4+ 27.Ke3 Qe4+  0-1

[Event "Bled op"]
[Site "Bled"]
[Date "1996.??.??"]
[Round "6"]
[White "Djeno, Mara"]
[Black "Praznik, Niko"]
[Result "1-0"]
[WhiteElo "2200"]
[BlackElo "2145"]

1.e4 e6 2.d4 d5 3.Nd2 Nc6 4.c3 dxe4 5.Nxe4 Qd5 6.Qe2 Bd7 7.Nf3 Nf6 8.Nxf6+ gxf6
9.Bf4 O-O-O 10.g3 e5 11.dxe5 Bg4 12.Bg2 fxe5 13.Bg5 e4 14.Bxd8 exf3 15.Bf6 fxg2
16.Qxg4+ Kb8 17.Rg1 Bg7 18.Qe2 Bxf6 19.f4 Qd7 20.Kf2 Re8 21.Qd1 Qf5 22.Rxg2 a6
23.Kg1 h5 24.Qf3 Qc5+ 25.Kh1 Re3 26.Qf2 Qe7 27.Qc2 Re4 28.Rf1 Na5 29.b3 Nc6
30.Rd1 Re1+ 31.Rg1 Re2 32.Qf5 Bxc3 33.Rd7 Qe3 34.Rf1 Rxa2 35.Qxh5 Nd4 36.Rd8+  1-0

[Event "Bled op"]
[Site "Bled"]
[Date "1996.??.??"]
[Round "8"]
[White "Licina, Anita"]
[Black "Praznik, Niko"]
[Result "1-0"]
[WhiteElo "2165"]
[BlackElo "2145"]

1.e4 e6 2.d4 d5 3.Nd2 Nc6 4.Ngf3 Nf6 5.e5 Nd7 6.c4 f6 7.exf6 Qxf6 8.Nb3 Bd6
9.c5 Bf4 10.Bb5 Ne7 11.O-O c6 12.Bd3 O-O 13.Qe2 e5 14.dxe5 Nxe5 15.Bxf4 Nxf3+
16.gxf3 Qxf4 17.Qxe7 Bh3 18.Qe3 Bxf1 19.Qxf4 Rxf4 20.Bxf1 Re8 21.Kg2 g5 22.h3 h5
23.Rd1 Kf7 24.Nd4 Kf6 25.b3 g4 26.hxg4 hxg4 27.fxg4 Rxg4+ 28.Kf3 Kg5 29.Bh3 Rf8+
30.Ke2 Re4+ 31.Kf1 Kf6 32.Bg2 Rf4 33.Ne2 Rg4 34.f4 Rfg8 35.Bf3 Rh4 36.Kf2 Rh2+
37.Ke3 Re8+ 38.Kd3 d4 39.Nxd4 Rxa2 40.Rg1 a5 41.Bh5 Rh8 42.Rg6+ Ke7 43.Rg7+ Kd8
44.Bg4 Rhh2 45.Rxb7 a4 46.Nxc6+ Ke8 47.Be6 Kf8 48.bxa4 Rxa4 49.Nd4  1-0

[Event "POL-ch (Women)"]
[Site "Brzeg Dolny"]
[Date "1996.??.??"]
[Round "12"]
[White "Aksiuczyc, Monika"]
[Black "Zielinska, Marta"]
[Result "0-1"]
[WhiteElo "2120"]
[BlackElo "2250"]

1.e4 e6 2.d4 d5 3.Nd2 Be7 4.Ngf3 Nf6 5.e5 Nfd7 6.Bd3 c5 7.c3 Nc6 8.O-O cxd4
9.cxd4 Qb6 10.Nb3 f6 11.exf6 Nxf6 12.Ne5 O-O 13.Bg5 Bd6 14.Bxf6 Rxf6 15.Qh5 g6
16.Qg5 Bxe5 17.dxe5 Rf7 18.Rac1 Bd7 19.h4 Raf8 20.Qg3 Kh8 21.Be2 Nd4 22.Nxd4 Qxd4
23.Bd3 Rf4 24.Rc7 R4f7 25.Rxb7 Bc6 26.Rxf7 Rxf7 27.Rc1 Bb7 28.b3 Qb2 29.Rc2 Qd4
30.Re2 Rf4 31.h5 Rh4 32.Qe3 Qg4 33.Qxa7 Qxh5 34.Qb8+ Kg7 35.Qxb7+ Kh6 36.f3 Rh1+
37.Kf2 Qh4+ 38.Ke3 d4+ 39.Kd2 Qf4+  0-1

[Event "Calcutta op"]
[Site "Calcutta"]
[Date "1996.??.??"]
[Round "8"]
[White "Ganguly, Surya Shekhar"]
[Black "Singh, Gurpreetpal"]
[Result "1/2-1/2"]
[WhiteElo "2265"]
[BlackElo "2265"]

1.e4 e6 2.d4 d5 3.Nd2 Nc6 4.Ngf3 Nf6 5.e5 Nd7 6.g3 b6 7.Bb5 Ncb8 8.Qe2 a5
9.O-O Be7 10.Ne1 c6 11.Bd3 c5 12.c3 Nc6 13.Ndf3 c4 14.Bc2 b5 15.Ng2 Nb6 16.Nfh4 Kd7
17.f4 g6 18.Nf3 Kc7 19.g4 h5 20.Ng5 Qg8 21.h3 Bd7 22.Be3 Re8 23.Kf2 b4 24.Rac1 bxc3
25.bxc3 Rb8 26.Rb1 Nd8 27.Ke1 hxg4 28.hxg4 Qe8 29.Kd2 Ba4 30.Rb2 Ba3 31.Rbb1 Bxc2
32.Kxc2 Qa4+ 33.Kd2 Bb4 34.Rb2 Qa3 35.Rc2 Be7 36.Ke1 Nd7 37.Kf2 Rb6 38.Bc1 Qa4
39.Rb2 Rxb2 40.Qxb2 Bxg5 41.fxg5 Nc6 42.Kg3 Nd8 43.Ne3 Nb8 44.Nc2 Nbc6 45.Bd2 Na7
46.Rb1 Kd7 47.Na3 Qc6 48.Qb8 Qc7 49.Qa8 Re8 50.Rb7  1/2-1/2

[Event "Calcutta op"]
[Site "Calcutta"]
[Date "1996.??.??"]
[Round "10"]
[White "Dhar, Saheli"]
[Black "Singh, Gurpreetpal"]
[Result "1/2-1/2"]
[WhiteElo "2205"]
[BlackElo "2265"]

1.e4 e6 2.d4 d5 3.Nd2 Nc6 4.Ngf3 Nf6 5.e5 Nd7 6.Bd3 Nb4 7.Bb5 c5 8.c3 Nc6
9.dxc5 Bxc5 10.Qe2 O-O 11.b4 Be7 12.Nb3 Qc7 13.Bf4 a5 14.bxa5 Nxa5 15.O-O Nc4
16.a4 b6 17.Nbd4 Ba6 18.Nc6 Bc5 19.Nfd4 Rfc8 20.Qg4 Nf8 21.Bg3 Ng6 22.Qe2 Qb7
23.h4 Bxb5 24.axb5 Rxa1 25.Rxa1 Ra8 26.Rxa8+ Qxa8 27.h5 Ne7 28.Nxe7+ Bxe7
29.Nc6 Bf8 30.Qg4 h6 31.Bf4 Qa1+ 32.Kh2 Qxc3 33.Qh4 Qa3 34.Qd8 Qc5 35.Bg3 Kh7
36.Qe8 Qxb5 37.Qxf8 Qxc6 38.Qxf7 b5 39.Bf4 Kh8 40.g4 Qc8 41.Qe7 d4 42.Bxh6 gxh6
43.Qf6+ Kg8 44.Qg6+ Kf8 45.Qxh6+ Ke8 46.Qg6+ Kd7 47.h6 Qf8 48.Kg3 Qf3+ 49.Kh4 Qxf2+
50.Kg5 Qd2+ 51.Kf6 Qf4+ 52.Kg7 Nxe5 53.Qh5 Ke7 54.Qh4+ Kd6 55.Qd8+ Nd7 56.h7 Qxg4+
57.Kf7 Qh5+ 58.Kg7 Qg4+ 59.Kf7 Qf5+ 60.Kg7  1/2-1/2

[Event "Cannes op"]
[Site "Cannes"]
[Date "1996.??.??"]
[Round "1"]
[White "Perdomo, Carlos Andres"]
[Black "Bauer, Christian"]
[Result "1/2-1/2"]
[WhiteElo "2305"]
[BlackElo "2430"]

1.e4 e6 2.d4 d5 3.Nd2 a6 4.Bd3 c5 5.dxc5 Bxc5 6.Ngf3 Nf6 7.O-O O-O 8.exd5 exd5
9.Nb3 Bb6 10.Bg5 Nc6 11.c3 h6 12.Bh4 g5 13.Bg3 Ne4 14.Nfd4 Nxg3 15.hxg3 Qf6
16.Qf3 Qxf3 17.Nxf3 Kg7 18.Rfe1 Kf6 19.Nbd4 Bc7 20.Nc2 Be6 21.Nfd4 Ne5 22.Be2 Rac8
23.Ne3 Bb6 24.Rad1 Rcd8 25.f4 Nc6 26.Kf2 Rfe8 27.Bf3 Nxd4 28.cxd4 Ba7 29.Rh1 Kg7
30.f5 Bd7 31.g4 Bc6 32.f6+ Kg6 33.Nf5 Rh8 34.Be2 Kxf6 35.Nxh6 Bd7 36.Rh3 Be6
37.Rf3+ Ke7 38.Nf5+ Kd7 39.Rc3 Rc8 40.Ne3 Rxc3 41.bxc3 b5 42.a4 bxa4 43.Bxa6 Kd6
44.Ra1 Bd7 45.Bb7 Re8 46.Nf5+ Bxf5 47.gxf5 Rb8 48.Ba6 Rb3 49.Rxa4 Rxc3 50.Be2 Bb6
51.Rb4 Kc6 52.Bf3 Rd3 53.Bxd5+ Kxd5 54.Rxb6 Rxd4  1/2-1/2

[Event "Catalunya-chT"]
[Site "Catalunya"]
[Date "1996.??.??"]
[Round "?"]
[White "Estrella, J."]
[Black "Pares Vives, Jose"]
[Result "0-1"]
[WhiteElo "2320"]
[BlackElo "2350"]

1.e4 e6 2.d4 d5 3.Nd2 Nc6 4.c3 e5 5.exd5 Qxd5 6.Ngf3 exd4 7.Bc4 Qf5 8.O-O Be6
9.Bxe6 fxe6 10.Nxd4 Nxd4 11.cxd4 O-O-O 12.Nf3 Nf6 13.Qa4 Kb8 14.Bg5 Bd6 15.Bh4 g5
16.Bg3 Bxg3 17.fxg3 Qd5 18.Rae1 Nd7 19.Qb3 Nb6 20.Qxd5 Rxd5 21.Re5 g4 22.Rxd5 exd5
23.Ne5 Nc4 24.Nxg4 Nxb2 25.Nf6 c6 26.Nd7+ Kc8 27.Rf7 Re8 28.Nc5 b6 29.Na6 Re1+
30.Kf2 Nd3+  0-1

[Event "Catalunya-chT"]
[Site "Catalunya"]
[Date "1996.??.??"]
[Round "?"]
[White "Bruned, Jose"]
[Black "Salvans Riba, Jose Maria"]
[Result "1-0"]
[WhiteElo "2075"]
[BlackElo "2160"]

1.e4 e6 2.d4 d5 3.Nd2 Nc6 4.c3 Nf6 5.e5 Nd7 6.Bd3 f5 7.Ndf3 Be7 8.Ng5 Bxg5
9.Qh5+ g6 10.Qxg5 Qxg5 11.Bxg5 h6 12.Bd2 Nb6 13.h4 a5 14.Ne2 Nc4 15.O-O-O Nxd2
16.Kxd2 Kf7 17.Rh3 Bd7 18.Rdh1 Ne7 19.f3 c5 20.g4 c4 21.Bc2 a4 22.Ng3 Rhf8
23.h5 g5 24.gxf5 exf5 25.f4 g4 26.R3h2 Be6 27.Rb1 b5 28.b3 axb3 29.axb3 Rab8
30.Rhh1 Ke8 31.bxc4 dxc4 32.Ba4 Bd7 33.Rb2 Nd5 34.Ne2 g3 35.Rg1 Rg8 36.Bc2 Rg4
37.Rxg3 Rxg3 38.Nxg3 b4 39.Kc1 b3 40.Bxf5  1-0

[Event "Celle Ligure op"]
[Site "Celle Ligure"]
[Date "1996.??.??"]
[Round "7"]
[White "Nurkic, Sahbaz"]
[Black "Naumkin, Igor"]
[Result "1/2-1/2"]
[WhiteElo "2365"]
[BlackElo "2480"]

1.e4 e6 2.d4 d5 3.Nd2 Nc6 4.Ngf3 Nf6 5.e5 Nd7 6.Bb5 a6 7.Ba4 b5 8.Bb3 f6
9.exf6 Qxf6 10.c3 Bd6 11.Nf1 h6 12.Ne3 Qf7 13.Ng4 Nf6 14.Nxf6+ Qxf6 15.O-O O-O
16.Ne1 Bd7 17.f4 Be8 18.Bc2 Ne7 19.Qe2 Bg6 20.Bxg6 Qxg6 21.Nd3 Nf5 22.Bd2 Nh4
23.Rf2 Nf5 24.Rff1 Nh4  1/2-1/2

[Event "Capablanca mem-C"]
[Site "Cienfuegos"]
[Date "1996.??.??"]
[Round "12"]
[White "Espinosa, Julio"]
[Black "Sieiro Gonzalez, Luis"]
[Result "0-1"]
[WhiteElo "2335"]
[BlackElo "2375"]

1.e4 e6 2.d4 d5 3.Nd2 a6 4.exd5 exd5 5.Bd3 c5 6.Qe2+ Be7 7.dxc5 Nf6 8.Nb3 O-O
9.Be3 Re8 10.O-O-O Nbd7 11.Qd2 a5 12.a4 Ne5 13.Nf3 Nxf3 14.gxf3 Bd7 15.Rhg1 Bxa4
16.Bd4 g6 17.Qh6 Bf8 18.Qh4 Bg7 19.Bxf6 Qxf6 20.Qxa4 Qxb2+  0-1

[Event "Politiken Cup"]
[Site "Copenhagen"]
[Date "1996.??.??"]
[Round "1"]
[White "Eriksson, Ingela S"]
[Black "Antonsen, Mikkel"]
[Result "0-1"]
[WhiteElo "2095"]
[BlackElo "2410"]

1.e4 e6 2.d4 d5 3.Nd2 Be7 4.Bd3 c5 5.dxc5 Nd7 6.Qe2 Nxc5 7.Bb5+ Bd7 8.exd5 exd5
9.Ngf3 Nf6 10.Ne5 O-O 11.Nxd7 Nfxd7 12.O-O a6 13.Bxd7 Qxd7 14.Nf3 Bf6 15.c3 Rfe8
16.Be3 Rad8 17.Rfd1 Qf5 18.Qd2 b6 19.Bd4 Re4 20.Re1 Rg4 21.Qe2 Ne6 22.Be3 Re8
23.Qd1 b5 24.Nd4 Nxd4 25.Bxd4 Rxe1+ 26.Qxe1 Re4 27.Qd2 Bxd4 28.cxd4 h5 29.h3 Qe6
30.Kf1 Qc6 31.b3 Qd6 32.Kg1 Qe6 33.Kf1 Qb6 34.Rd1 b4 35.Qd3 Qc6 36.f3 Re8
37.Kg1 Rc8 38.Kh2 h4 39.Re1 g6 40.Qe3 Qd6+ 41.Kh1 Rc3 42.Qh6 Qd8 43.Re5 Rd3
44.Qf4 Kg7 45.Rg5 f6 46.Rg4 g5 47.Qf5 Rd1+ 48.Kh2 Qd6+ 49.f4 Rxd4 50.Rxg5+ fxg5
51.Qxg5+ Kf7 52.Qf5+ Qf6 53.Qd7+ Kf8 54.Qc8+ Kg7 55.Qg4+ Kh6  0-1

[Event "Politiken Cup"]
[Site "Copenhagen"]
[Date "1996.??.??"]
[Round "4"]
[White "Steingrimsson, Hedinn"]
[Black "Gausel, Einar"]
[Result "1/2-1/2"]
[WhiteElo "2405"]
[BlackElo "2515"]

1.e4 e6 2.d4 d5 3.Nd2 Be7 4.Bd3 c5 5.dxc5 Nd7 6.exd5 exd5 7.Nb3 Nxc5 8.Nxc5 Bxc5
9.Nf3 Nf6 10.Bb5+ Bd7 11.Qe2+ Qe7 12.Bxd7+ Nxd7 13.Bf4 Qe6 14.Ng5 Qxe2+ 15.Kxe2 O-O
16.Rhe1 Rfe8+ 17.Kf1 Nf6 18.Rxe8+ Rxe8 19.Re1 Rxe1+ 20.Kxe1 h6 21.Nh3 g5
22.Bc7 Ne8 23.Be5 f6 24.Bc3 Kf7 25.Ng1 d4 26.Bd2  1/2-1/2

[Event "CZE-chT 9596"]
[Site "?"]
[Date "1996.??.??"]
[Round "1"]
[White "Chytilek, Roman"]
[Black "Netusil, Miroslav"]
[Result "1-0"]
[WhiteElo "2320"]
[BlackElo "2305"]

1.e4 e6 2.d4 d5 3.Nd2 Be7 4.e5 c5 5.Qg4 Kf8 6.dxc5 Nc6 7.Ngf3 h5 8.Qa4 Qc7
9.Qf4 g5 10.Nxg5 Qxe5+ 11.Qxe5 Nxe5 12.Nb3 Kg7 13.Be2 Bd7 14.Be3 Rc8 15.O-O f6
16.Nh3 Nc4 17.Bxc4 dxc4 18.Rfd1 Ba4 19.Nd4 e5 20.Nf5+ Kg6 21.Nh4+ Kf7 22.b3 Bc6
23.Nf5 Ke6 24.Ng7+ Kf7 25.Nf5 Ke6 26.Nd6 Rc7 27.f4 Nh6 28.fxe5 fxe5 29.Ng5+ Bxg5
30.Bxg5 Rg7 31.h4 cxb3 32.axb3 a6 33.Rf1 Ng4 34.Rae1 Kd5 35.b4 Rhg8 36.c4+ Kd4
37.Rd1+ Kc3 38.b5 Bd7 39.c6 bxc6 40.b6 c5 41.Rf3+ Kb4 42.Bd2+  1-0